Countries - Sudden Death #1 - Statistics

General Stats
  • This quiz has been taken 84 times
  • The average score is 22 of 30
Answers on the Grid
Answers color-coded by a green-red scale on the quiz's grid according to % correct below.
Armenia
Afghanistan
Botswana
Guinea Bissau
Guinea
Nauru
Vanuatu
Qatar
India
Vietnam
Colombia
Peru
St. Lucia
Malta
Andorra
Cyprus
Tajikistan
Zimbabwe
Equatorial Guinea
Madagascar
Nepal
Bhutan
Palau
Laos
Suriname
Bahrain
Mali
Eritrea
Papua New Guinea
Solomon Islands
Bougainville
Quebec
Sabah
Catalonia
Macau
Hong Kong
Christmas Island
San Jose
Acre
French Guiana
Saint Barthelmy
Alaand Island
Falkland Islands
Faroe Islands
Transnistria
Crimea
North Sudan
United Arab Republic
Kurdistan
Scotland
Northern Ireland
Texas
Vermont
South Mexico
West Papua
Zanzibar
Rhodesia
Balochistan
Mindanao
Los Angeles
 
Answer Stats
Answer % Correct
Madagascar
86%
Colombia
83%
Mali
78%
Malta
78%
Solomon Islands
78%
Vanuatu
78%
Vietnam
78%
Afghanistan
76%
Bhutan
76%
Papua New Guinea
76%
Andorra
75%
Cyprus
75%
India
75%
Nepal
75%
Qatar
75%
Tajikistan
75%
Botswana
73%
Laos
73%
Peru
73%
Zimbabwe
73%
Bahrain
71%
Equatorial Guinea
71%
Eritrea
71%
Nauru
71%
Suriname
71%
Armenia
69%
Guinea Bissau
69%
Guinea
68%
Palau
68%
St. Lucia
66%
No matching quizzes found
Score Distribution
Percent of People with Each Score
Percentile by Number Answered
Your Score History
You have not taken this quiz